Misleading element symbols - Statistics

General Stats
  • This quiz has been taken 26 times
  • The average score is 8 of 11
Answer Stats
Symbol Answer % Correct
Fe Iron
100%
Au Gold
96%
Na Sodium
91%
Ag Silver
83%
Cu Copper
78%
K Potassium
78%
Pb Lead
65%
Sn Tin
65%
Hg Mercury
57%
W Tungsten
52%
Sb Antimony
35%
No matching quizzes found
Score Distribution
Percent of People with Each Score
Percentile by Number Answered
Your Score History
You have not taken this quiz